000 01054nam a2200289 i 4500
001 66805
003 ES-MaACL
005 20250815144558.0
007 t|
008 030704s2002 sp ||||0| spa d
020 _a84-95394-36-7
040 _aM-BN
_bspa
_cM-BN
080 _a726.6(460.288 Tobarra)
080 _a75.052(460.288 Tobarra)
100 1 _aSánchez Ferrer, José.
_9102642
245 1 0 _aDevoción y pintura popular en el primer tercio del XVIII: la ermita de la Purísima en Tobarra /
_cJosé Sánchez Ferrer.
260 _aAlbacete :
_bInstituto de Estudios Albacetenses "Don Juan Manuel",
_c2002.
300 _a274 p. :
_bil. col. ;
_c24 cm.
490 1 _aSerie I--Estudios ;
_v139
504 _aBibliografía: p. [269]-274.
610 2 7 _aErmita de la Purísima Concepción (Tobarra)
_93503
650 1 4 _aPintura mural-
_zTobarra (Albacete)
_916066
710 2 _aInstituto de Estudios Albacetenses.
_94884
830 0 _aSerie I--Estudios ;
_v139
_9179228
852 _aES-MaACL
_jL-27293
_bR.132914
999 _c66805
_d66805